000 00749cam a2200289 c 4500
001 506268
003 DO-SdBNP
005 20180131113238.0
007 506268
008 110610s1966 sp | |||| 000 j spa
017 _a
_b
020 _a8440610831
035 _a
040 _aBPMSU
_bspa
_cBPMSU
_e
041 1 _aspa
_h
080 _a
100 1 _aAldridge, James
240 1 0 _aMy brother Tom
_lEspañol
245 1 0 _aMi hermano Tom /
_h
_cJames Aldridge ; traducido por Narcís Fradera
250 _a
260 _aBarcelona :
_b Vía Libre
_c1966
300 _a246 p.:
_c18 cm
490 0 _aVia libre
_v25
942 _2ddc
_cBK
945 _aInventariado extranjero / 2017 VM
956 _aVMATEO
_210
_320160369
_6BPMSU
_80069
999 _c9458
_d9458